[Ďáblův slovník ekonomie a financí]

Recenzia na publikáciu Ďáblův slovník ekonomie a financí. Stručný výkladový slovník pojmov - vedecký a vtipný výklad. Stručný atlas sveta xenofóba. Panoptikum slávnych osobností a ich neslávnych malérov.

Guardado en:
Detalles Bibliográficos
Autor principal: Pilch, Ctibor, 1957-
Formato: Capítulo de libro
Lenguaje:eslovaco
Materias:
Etiquetas: Agregar Etiqueta
Sin Etiquetas, Sea el primero en etiquetar este registro!

MARC

LEADER 00000nla a2200000 4500
001 0220623
005 20240502073626.1
041 0 |a slo 
044 |a SK 
245 1 0 |a [Ďáblův slovník ekonomie a financí]  |c Ctibor Pilch 
520 |a Recenzia na publikáciu Ďáblův slovník ekonomie a financí. Stručný výkladový slovník pojmov - vedecký a vtipný výklad. Stručný atlas sveta xenofóba. Panoptikum slávnych osobností a ich neslávnych malérov. 
610 2 0 |a ekonómia 
610 2 0 |a financie 
610 2 0 |a slovníky 
610 2 0 |a recenzie 
100 1 |a Pilch, Ctibor, 1957-